| 000 | 00469nam a2200133 a 4500 | ||
|---|---|---|---|
| 008 | 120416s1978 ||||||||||||||||| || u | ||
| 050 | _aNA 7125 Gra | ||
| 100 | _aGrandjean, Etienne | ||
| 245 | 1 | 0 | _aErgonomics of the home |
| 260 |
_aLondon _bTaylor & Francis _c1978 |
||
| 300 | _a344p. : ill. | ||
| 350 | _a0.00 | ||
| 995 |
_D0.00 _FCBU-MAIN LIBRARY (Kitwe) _H1 _I0.00 _M1 _UAVAILABLE _ZMain Library Open Access Collection |
||
| 999 |
_c42327 _d42327 |
||